000 01078nam a22002537a 4500
005 20170124103040.0
010 _aA-732141
020 _c60.00
035 _aA-732141
037 _bCen Lib/Ret
040 _aDPL
_bHN
082 _a
_bकुलश्रे
100 _aकुलश्रेष्ठ, सरोजनी
_95721
245 _aकपास के फूल :
_cसरोजनी कुलश्रेष्ठ
_bकहानी संग्रह /
246 _aKapas ke phool : kahani sangarh /
_bby Sarojani Kulshreshth
260 _aनई दिल्ली
_bसंजीव प्रकाशन
_c1995
270 _bनई दिल्ली
_a3613 दरयागंज
_e110002
300 _a128पृ.
_c16सेमी (सजिल्द)
650 _aहिन्दी साहित्य
_966888
650 _aहिन्दी साहित्य
_xकहानियां
_963853
650 _aHindi Literature
_966889
650 _aHindi Literature
_xstories
_966890
942 _2ddc
_cHN
_h
_mकुलश्रे
999 _c116506
_d116506